LEADER 00922nam2-2200349---450- 001 990003096120203316 005 20080415143101.0 035 $a000309612 035 $aUSA01000309612 035 $a(ALEPH)000309612USA01 035 $a000309612 100 $a20080415d1969----km-y0itay50------ba 101 $aita 102 $aIT 105 $a||||||||001yy 200 1 $a<<10.>> : Dal Caravaggio a Francisco Goya$ftesti di Berti... [et al.] 210 $aFirenze$cSansoni$d1969 215 $a1 v.$cill.$d35 cm 410 0$12001 454 1$12001 461 1$1001000309606$12001 606 0 $aArte$xStoria 676 $a709.01 702 1$aBERTI,$bLuciano 801 0$aIT$bsalbc$gISBD 912 $a990003096120203316 951 $aV A 1 MF 10$b753 DBC$cV A 959 $aBK 969 $aDBC 979 $aDBC$b90$c20080415$lUSA01$h1431 996 $aDal Caravaggio a Francisco Goya$9839142 997 $aUNISA LEADER 01008oam 2200241z- 450 001 9910230834503321 005 20200623132820.0 035 $a(CKB)3810000000208969 035 $a(EXLCZ)993810000000208969 100 $a20180430c2013uuuu -u- - 101 0 $aita 200 00$aIl parco e la cittą : il territorio storico dell'Appia nel futuro di Roma = The park and the city : the historical territory of Appia in the future of Rome /$fAlessandra Capuano, Orazio Carpenzano, Fabrizio Toppetti 210 $aMacerata $cQuodlibet$d2013 311 $a88-7462-521-9 517 $aIl parco e la cittą 517 $aThe park and the city 700 $aCapuano$b Alessandra$010399 701 $aCarpenzano$b Orazio$0773892 701 $aToppetti$b Fabrizio$0788447 906 $aBOOK 912 $a9910230834503321 996 $aIl parco e la cittą : il territorio storico dell'Appia nel futuro di Roma = The park and the city : the historical territory of Appia in the future of Rome$92431111 997 $aUNINA